000 00554nam a22001817a 4500
999 _c184465
_d184465
005 20220120154244.0
010 _aENG-131281
020 _a978-93-90389-90-2
_c425.00
035 _aEN-114813
037 _bDBAD
082 _a000
100 _aVaidya, Priya
245 _aNTA UGC NET/JRF/SET HISTORY:
_cPriya Vaidya
_bPaper-II/
260 _aNew Delhi
_bPrabhat Exam
_c2022
270 _bNew Delhi
_a4/19, Asaf Ali Road
_e110002
_k23289555, 23289666
_mprabhatbook@gmail.com
300 _a140p.
_c28cm(pbk)
942 _2ddc
_cEN
_h000
_mVAI